000 00690nam a2200241 a 4500
003 AR-BaBNM
005 20251128210211.0
008 082120s2002 ||||||||||||||000 | spa||
020 _a84-85298-54-3
040 _cAR-BaBNM
100 1 _aGerbeau, C.
245 0 0 _aCómo hacer? La organización material del parvulario
260 _aBarcelona
_bMédica y técnica
_c1981
300 _a66 p.
_bil., diagr.
490 0 _aActualidades pedagógicas y psicológicas
_vv. 15
650 4 _aJUEGO
653 _aEDUCACION INICIAL
653 _aESPACIOS EDUCATIVOS
653 _aORGANIZACION DEL ESPACIO ESCOLAR
800 1 _aPuyuelo Sanclemente, Miguel
942 _cBK
998 _cRaquel
999 _c14479
_d14479